| 000 | 01648nam a2200241Ia 4500 | ||
|---|---|---|---|
| 003 | Ost | ||
| 005 | 20260507075303.0 | ||
| 008 | 260507s9999||||xx |||||||||||||| ||und|| | ||
| 040 | _cfsecg | ||
| 041 | _aara | ||
| 082 | _a330 | ||
| 100 |
_aالكبيسي، عامر خضير _eمؤلف |
||
| 245 | 0 |
_aإدارة الموارد البشرية في الخدمة المدنية / _c عامر خضير الكبيسي |
|
| 250 | _aطبعة 2 | ||
| 260 |
_aالقاهرة: _bالمنظمة العربية للتنمية و الادارة, _c2010 |
||
| 300 |
_a319 صفحة؛ _bإيضاحات ؛ _c25 سم |
||
| 504 | _aفهرس الاشكال ص.ــ م ــ ،؛فهرس الجداول ص.ــ ن ــ | ||
| 520 | _aنشأة و تطور الدور الاستراتيجي لادارة الموارد البشرية ، دراسة الوظائف العامة و تحليلها و تطويرها ، التخطيط للقوى العاملة في المنظمات العامة ، الاختيار و التعيين في الخدمة المدنية : الخطوات و الشروط ادارة المسار الوظيفي : الترقيات و التنقلات ، سياسات الدفع : الراتب و الأجور ، تقييم أداء العاملين في الخدمة المدنية ، ادارة برامج الحماية و الرعاية و التنمية ، نظم مساءلة العاملين بالخدمة المدنية و سياسات و التزامات إنهاء خدمة العاملين. | ||
| 653 | _aالادارة | ||
| 653 | _aالموارد البشرية | ||
| 653 | _aالموارد البشرية | ||
| 942 | _cكتاب | ||
| 999 |
_c43803 _d43803 |
||